[Event "Wch U20 Girls 38th"]
[Site "Cala Gonone"]
[Date "2022.10.21"]
[Round "10"]
[White "Daniilidi, Dimitra Lydia"]
[Black "Gomez Barrera, Javiera Belen"]
[Result "0-1"]
[WhiteElo "1498"]
[BlackElo "2219"]
[PlyCount "104"]
[EventDate "2022.10.12"]
[EventType "swiss"]
[EventRounds "11"]
[EventCountry "ITA"]
[SourceTitle "CBM 210 Extra"]
[Source "ChessBase"]
[SourceDate "2022.11.30"]
[SourceVersion "1"]
[SourceVersionDate "2022.11.30"]
[SourceQuality "1"]

1. e4 e5 2. Nf3 Nc6 3. Bb5 a6 4. Ba4 Nf6 5. 0-0 Be7 6. Re1 b5 7. Bb3 d6 8. a4 b4 9. c3 Rb8 10. d4 0-0 11. Nbd2 exd4 12. cxd4 Bg4 13. h3 Bh5 14. e5 dxe5 15. dxe5 Nd7 16. e6 Nc5 17. exf7+ Bxf7 18. Bxf7+ Rxf7 19. Qe2 Qd3 20. Qxd3 Nxd3 21. Re6 Rf6 22. Re3 Rd8 23. Ne4 Rf5 24. Ne1 Nxe1 25. Rxe1 Nd4 26. Ng3 Rf7 27. Rxe7 Nf3+ 28. gxf3 Rd1+ 29. Kg2 Rxe7 30. Bg5 Rxa1 31. Bxe7 Rxa4 32. b3 Ra3 33. Bxb4 Rxb3 34. Ba5 c6 35. Nf5 c5 36. Ne3 Kf7 37. Kg3 Ke6 38. Kf4 Kd7 39. Ke5 Kc6 40. Ke6 Kb5 41. Be1 a5 42. Kf7 a4 43. Kxg7 a3 44. f4 a2 45. Nc2 Kc4 46. f5 Kd3 47. Na1 Rb1 48. f6 Rxa1 49. f7 Rxe1 50. f8Q a1Q+ 51. Kxh7 Qe5 52. Qd8+ Kc2 0-1

[Event "GRE-ch U18 Girls"]
[Site "Chania"]
[Date "2021.07.21"]
[Round "9"]
[White "Daniilidi, Dimitra Lydia"]
[Black "Apostolidou, Eleni"]
[Result "0-1"]
[WhiteElo "1423"]
[BlackElo "1478"]
[PlyCount "142"]
[EventDate "2021.07.15"]
[EventType "swiss"]
[EventRounds "9"]
[EventCountry "GRE"]
[SourceTitle "EXT 2022"]
[Source "ChessBase"]
[SourceDate "2021.10.06"]
[SourceVersion "1"]
[SourceVersionDate "2021.10.06"]
[SourceQuality "1"]

1. f4 d5 2. Nf3 c5 3. g3 Nc6 4. Bg2 e6 5. 0-0 Bd6 6. d3 Nf6 7. Qe1 0-0 8. e4 dxe4 9. dxe4 e5 10. f5 Qb6 11. Nc3 Nd4 12. Qd1 Rd8 13. Bg5 Nxf3+ 14. Qxf3 Be7 15. Bxf6 Bxf6 16. Nd5 Qc6 17. g4 h5 18. gxh5 b6 19. Qg4 Kh7 20. h6 gxh6 21. Qh5 Kg7 22. Rf3 Rh8 23. Rd1 Ba6 24. Ne3 Kf8 25. c4 Bg5 26. Ng4 Rd8 27. Rxd8+ Bxd8 28. Nxe5 Qc7 29. f6 Bc8 30. Ng4 Bxg4 31. Qxg4 Rg8 32. Qh4 Rg6 33. Rf5 Qc6 34. Qf2 Qxe4 35. Qd2 Rxg2+ 36. Qxg2 Qxf5 37. Qg7+ Ke8 38. Qg8+ Kd7 39. Qxf7+ Kc8 40. Qxa7 Qxf6 41. Qa8+ Kd7 42. Qb7+ Bc7 43. Qd5+ Qd6 44. Qf7+ Kc8 45. Qe8+ Bd8 46. b3 Qd1+ 47. Kf2 Qd2+ 48. Kg1 Qxa2 49. Qc6+ Bc7 50. Qxh6 Qxb3 51. Qe6+ Kb7 52. Qd5+ Ka7 53. Qf7 Qd1+ 54. Kf2 Qd2+ 55. Kf3 Qxh2 56. Ke4 Ka6 57. Kd3 Qd6+ 58. Kc2 Qh2+ 59. Kb3 Qf4 60. Qe8 Qf3+ 61. Kc2 Kb7 62. Qe6 Qc6 63. Qf7 b5 64. cxb5 Qxb5 65. Qd5+ Ka7 66. Qa2+ Qa6 67. Qd5 Qa4+ 68. Kd3 Qd1+ 69. Kc4 Qxd5+ 70. Kxd5 Kb6 71. Kc4 Kc6 0-1

[Event "GRE-ch U18 Girls"]
[Site "Chania"]
[Date "2021.07.18"]
[Round "5"]
[White "Daniilidi, Dimitra Lydia"]
[Black "Platsaki, Evgenia Valeria"]
[Result "1-0"]
[WhiteElo "1423"]
[BlackElo "1201"]
[PlyCount "85"]
[EventDate "2021.07.15"]
[EventType "swiss"]
[EventRounds "9"]
[EventCountry "GRE"]
[SourceTitle "EXT 2022"]
[Source "ChessBase"]
[SourceDate "2021.10.06"]
[SourceVersion "1"]
[SourceVersionDate "2021.10.06"]
[SourceQuality "1"]

1. e4 c5 2. c3 Nf6 3. e5 Nd5 4. g3 d6 5. exd6 exd6 6. Bg2 Nb6 7. Ne2 d5 8. d4 c4 9. 0-0 Bd6 10. Nf4 Bxf4 11. Bxf4 0-0 12. Nd2 Bf5 13. b3 Nc6 14. bxc4 dxc4 15. Ne4 Nd5 16. Nd6 Nxc3 17. Qd2 Nxd4 18. Nxf5 Nce2+ 19. Kh1 c3 20. Qd3 Nxf5 21. Qxe2 Re8 22. Qc2 Qf6 23. Bxb7 Rad8 24. Rfe1 Rxe1+ 25. Rxe1 Qb6 26. Be4 Re8 27. Rb1 Nd4 28. Qxc3 Nb5 29. Qc6 Qxc6 30. Bxc6 Nc3 31. Rb3 Rc8 32. Rxc3 Rd8 33. Bf3 Kf8 34. Rc7 Rd3 35. Kg2 Ke8 36. Rxa7 h6 37. a4 g5 38. Be3 f5 39. Be2 Ra3 40. Bb5+ Kd8 41. Bc5 Rc3 42. Bd6 Rc8 43. Be7# 1-0